000 00495nam a2200145 a 4500
001 ASIN0196360331
005 20140919171325.0
008 140918s2005 xxu eng d
100 1 _aKhan, Abdul Waheed.
245 1 4 _aLife of muhammad Sal Lal Lahui Alaihi Wa Allei Wa Sallam
_cAbdul Waheed Khan.
260 _aKarachi :
_bAbdul Waheed Khan,
_c2005.
300 _a30 p. ;
_c23 cm.
700 1 _aAbdul Waheed Khan
856 4 0 _3Amazon.com
_uhttp://www.amazon.com/exec/obidos/ASIN/chopaconline-20
999 _c10194
_d10194